Creativity and personal freedom /

Bibliographic Details
Main Author: Barron, Frank, 1922-2002
Format: Book
Language:English
Published: Princeton, N.J. : Van Nostrand, [1968]
Series:Van Nostrand insight books, 44
Subjects:

MARC

Tag First Indicator Second Indicator Subfields
LEADER 00000cam a22000001 4500
001 in00000281165
005 20151010071439.0
008 700716r19681963njua b 00010 eng d
010 |a  68003275  
035 |a (OCoLC)00192064 
035 |9 ABE7442AM 
040 |a DLC  |c DLC  |d TXA  |d UtOrBLW 
049 |a TXAM  |c [914906] 
050 0 0 |a BF411  |b .B35 1968 
100 1 |a Barron, Frank,  |d 1922-2002. 
245 1 0 |a Creativity and personal freedom /  |c [by] Frank Barron. 
264 1 |a Princeton, N.J. :  |b Van Nostrand,  |c [1968] 
300 |a xiv, 322 pages :  |b illustrations ;  |c 19 cm. 
336 |a text  |b txt  |2 rdacontent 
337 |a unmediated  |b n  |2 rdamedia 
338 |a volume  |b nc  |2 rdacarrier 
490 0 |a Van Nostrand insight books, 44 
500 |a First published in 1963 under title: Creativity and psychological health. 
504 |a Bibliography: pages 312-318. 
650 0 |a Creative ability. 
650 0 |a Mental health. 
999 |a MARS 
999 f f |s 1a2a400c-6ca4-3006-92da-1ed4e94642c2  |i 28bfc1b5-8ea5-3363-9a03-04a6fe514974  |t 0 
952 f f |p ric  |a Texas A&M University  |b Rellis Campus  |c Joint Library Facility  |d Remote Storage  |t 0  |e BF411 .B35 1968  |h Library of Congress classification  |i unmediated -- volume  |m A14801677548 
998 f f |a BF411 .B35 1968  |t 0  |l Remote Storage